| 000 | 01267nam a2200277Ia 4500 | ||
|---|---|---|---|
| 999 |
_c5608 _d5608 |
||
| 003 | OSt | ||
| 005 | 20200623143245.0 | ||
| 008 | 191128s1978 ck ad fr 000 0 spa d | ||
| 040 |
_aCO-JMCR _cCO-JMCR |
||
| 041 | 0 | _aspa | |
| 082 | 0 | 4 |
_a332.673 / _bW651p _223 |
| 100 | 1 |
_aWiesner, Eduardo, _eeditor _95696 |
|
| 245 | 1 | 0 |
_aPolítica económica externa de Colombia 1978 / _cEduardo Wiesner editor |
| 250 | _aPrimera edición | ||
| 260 |
_aBogotá : _bAsociación Bancaria de Colombia, _c1978 |
||
| 300 |
_a349 páginas : _bgráficos a blanco y negro ; _c23 cm. |
||
| 500 | _aIncluye notas a pie de página. | ||
| 500 | _aTrabajos presentados al II Simposio sobre Financiamiento Externo, Medellín, Marzo 1978 | ||
| 504 | _aIncluye bibliografía al final de cada capítulo. | ||
| 505 | 0 | _aPolítica económica externa en Colombia -- Movilidad de capitales -- Devaluación y mecanismo de ajuste en Colombia -- La bonanza cafetera : su distribución y manejo -- Determinación monetaria de la tasa de cambio en Colombia | |
| 650 | 1 | 4 |
_aPolítica Monetaria _zColombia _95999 |
| 650 | 1 | 4 |
_aDesarrollo Económico _zColombia _96000 |
| 650 | 1 | 4 |
_aEconomía _xmodelos matemáticos _96001 |
| 651 | 4 |
_aColombia _xpolítica económica internacional _96002 |
|
| 942 |
_2ddc _cBK |
||